000 00800cab a2200193 4500
001 WB2628-24
008 090401t1990 xxu||||| |||| 00| 0 eng d
035 _a(Sirsi) u15425
041 _aeng
245 _aStreet closure damaged business
260 _c1990
350 _a0
490 _aTimes
_v16/7/90 p26
520 _aVasiliou v SoS for Transport and others CA 12 July 1990. It was held that the SoS for Transport was wrong to authorise the stopping up of a street under Town and Country Planning Act 1971 s209 without consideration of the damage it would do to the appellant` business and to maintain that the appellant should have objected at the planning application stage.
650 _aCLOSURE
690 _aHIGHWAYS RIGHTS OF WAY AND EASEMENTS
942 _n0
948 _c04/03/1997
999 _c10113
_d10113